| 000 | 01084nam a22003377a 4500 | ||
|---|---|---|---|
| 003 | CHAP | ||
| 005 | 20220329134517.0 | ||
| 008 | 971013s1969 us a r 00010 eng d | ||
| 010 | _a21387 | ||
| 011 | _a22359 | ||
| 035 | _a26454 | ||
| 040 | _cCHAP | ||
| 090 | _aFolleto 4335 | ||
| 100 | 0 | 0 |
_aBlaisdell, Fred W. _913028 |
| 245 | 1 | _aAbrupt transition from a circular pipeto a rectangular open channel | |
| 260 |
_aMinneapolis, Minn. : _bUniversity of Minnesota, _c1969 |
||
| 300 |
_a67 p. : _bilus., gráfs. |
||
| 490 |
_aTechnical paper _v; 53 serie B |
||
| 590 |
_aBATCH-UPD _b10 _c20130110 _lUCH01 _h1536 |
||
| 590 |
_aBATCH-UPD _b10 _c20130410 _lUCH01 _h0940 |
||
| 590 |
_aBATCH-UPD _b10 _c20130914 _lUCH01 _h0831 |
||
| 590 |
_aCONVERSION _b10 _c20130109 _lUCH01 _h1313 |
||
| 650 | 1 | 4 |
_aCanales. _918255 |
| 650 | 1 | 4 |
_aTuberías. _9115476 |
| 700 | 0 |
_aDonnelly, Charles A. _933964 |
|
| 700 | 0 |
_aYalaman-Chili, Kesavarao. _9122951 |
|
| 830 | 0 |
_aTechnical paper _v; 53 serie B _9111899 |
|
| 901 | _aBK | ||
| 942 | _cFOLL | ||
| 949 |
_aFolleto 4335 _bBC _cFOLL _d-61027 _eTS1 _i26454 _mD _si |
||
| 999 |
_c21387 _d21387 |
||